Finding dory (Record no. 614880)
[ view plain ]
| 000 -LEADER | |
|---|---|
| fixed length control field | 00278nam a22001217a 4500 |
| 020 ## - INTERNATIONAL STANDARD BOOK NUMBER | |
| International Standard Book Number | 9781474836357 |
| 082 ## - DEWEY DECIMAL CLASSIFICATION NUMBER | |
| Classification number | 813.6 |
| Author Mark | VAU |
| 100 ## - MAIN ENTRY--PERSONAL NAME | |
| Personal name | Vaughan ,Charlene |
| 245 ## - TITLE STATEMENT | |
| Title | Finding dory |
| 260 ## - PUBLICATION, DISTRIBUTION, ETC. | |
| Place of publication, distribution, etc. | UK |
| Name of publisher, distributor, etc. | Parragon books, |
| Date of publication, distribution, etc. | 2016. |
| 563 ## - BINDING INFORMATION | |
| Binding note | HB |
| 942 ## - ADDED ENTRY ELEMENTS (KOHA) | |
| Source of classification or shelving scheme | |
| Koha item type | Children Section |
| Withdrawn status | Lost status | Source of classification or shelving scheme | Damaged status | Not for loan | Permanent Location | Current Location | Shelving location | Date acquired | Source of acquisition | Full call number | Barcode | Date last seen | Price effective from | Koha item type |
|---|---|---|---|---|---|---|---|---|---|---|---|---|---|---|
| Central Library (CL) | Central Library (CL) | Children Section | 09/25/2025 | Donated by Children - Summer Camp, 2025. | 813.6 VAU | CL-CS-28 | 09/25/2025 | 09/25/2025 | Children Section |
